| 000 | 00683nam a2200277Ia 4500 | ||
|---|---|---|---|
| 008 | 170203s9999 xx 000 0 und d | ||
| 020 | _a9780316077286 | ||
| 050 | _aFic | ||
| 050 | _b.B496m 2009 | ||
| 100 | _aBerger, Samantha | ||
| 245 | _aMartha doesn't say sorry! / | ||
| 245 | _cby Samantha Berger ; illustrated by Bruce Whatley. | ||
| 250 | _a1st ed. | ||
| 260 | _aNew York : | ||
| 260 | _bLittle, Brown, | ||
| 260 | _c2009 | ||
| 300 | _a1 v. (unpaged) : | ||
| 300 | _bcol. ill. ; | ||
| 300 | _c23 x 29 cm. | ||
| 650 | _aApologizing-- | ||
| 650 | _aBehavior-- | ||
| 650 | _aOtters-- | ||
| 650 | _xFiction. | ||
| 650 | _xFiction. | ||
| 650 | _xFiction. | ||
| 999 |
_c305992 _d305992 |
||